Statistics for World Geography IQ #1

Click here to take the quiz!

General Stats

  • This quiz has been taken 15 times
    (14 since last reset)
  • The average score is 6 of 15

Answer Stats

Hint Answer % Correct
The largest city in TurkeyIstanbul
90%
The number of Australian states and territories7
70%
The country that was once home to the famous scholarly centre, TimbuktuMali
70%
The country Skype orginatedEstonia
60%
Manama is this country's capitalBahrain
50%
The third longest river in the worldYangtze
40%
Highest navigatable lake in the worldLake Titicaca
30%
A major archipelago off the eastern coast of SpainBalearic islands
30%
The number of provinces in the People's Republic of China (not including Taiwan)22
30%
Largest national park in the U.S.Wrangell St. Elias
20%
Kinshasa is the capital of the countryDR Congo
20%
An archipelago off the coast of Argentina that literally translates as "the land of fire"Tierra del fuego
20%
The other English name for the mountain, K2Godwin-Austen
10%
The country home to Amboseli National ParkKenya
10%
The tallest mountain on AntarcticaVinson Massif
10%

Score Distribution

Percentile by Number Answered

Percent of People with Each Score

Your Score History

You have not taken this quiz since the last reset